Farmacología médica (Record no. 74967)

MARC details
000 -LEADER
campo de control de longitud fija 00629nam a2200193 i 4500
001 - NÚMERO DE CONTROL
campo de control 74967
003 - IDENTIFICADOR DE NÚMERO DE CONTROL
campo de control ES-MaACL
005 - FECHA Y HORA DE LA ÚLTIMA TRANSACCIÓN
campo de control 20230906172313.0
007 - CAMPO FIJO DE DESCRIPCIÓN FÍSICA--INFORMACIÓN GENERAL
campo de control de longitud fija t|
008 - DATOS DE LONGITUD FIJA--INFORMACIÓN GENERAL
campo de control de longitud fija 040921s1979 xxu ||||1| spa d
100 1# - ENTRADA PRINCIPAL--NOMBRE DE PERSONA
Nombre de persona Goth, Andrés.
9 (RLIN) 59280
245 10 - MENCIÓN DEL TÍTULO
Título Farmacología médica
Resto del título : principios y conceptos /
Mención de responsabilidad, etc. Andrés Goth, Parkhurst Allan Shore ; revisión en castellano S. Erill Sáez.
250 ## - MENCION DE EDICION
Mención de edición [8ª ed.].
260 ## - PUBLICACIÓN, DISTRIBUCIÓN, ETC.
Lugar de publicación, distribución, etc. Saint Louis, etc. :
Nombre del editor, distribuidor, etc. Mosby,
Fecha de publicación, distribución, etc. 1979.
300 ## - DESCRIPCIÓN FÍSICA
Extensión IX, 742 p. :
Otras características físicas il. ;
Dimensiones 26 cm.
700 1# - ENTRADA AGREGADA--NOMBRE PERSONAL
Nombre de persona Shore, Parkhurst Allan.
9 (RLIN) 106152
700 1# - ENTRADA AGREGADA--NOMBRE PERSONAL
Nombre de persona Erill, S.
9 (RLIN) 147081
852 ## - LOCALIZACIÓN
Ubicación ES-MaACL
Número de control de estantería C-21807
Sublocalización o colección R.100061
Holdings
Estatus retirado Estado de pérdida Estado de daño No para préstamo Biblioteca de origen Biblioteca actual Ubicación en estantería Fecha de adquisición Fuente de adquisición Total de préstamos Signatura topográfica completa Código de barras Visto por última vez Precio de reemplazo Tipo de ítem Koha
        Biblioteca del Ateneo de Madrid Biblioteca del Ateneo de Madrid Galería 17/01/2008     C-21807 1078470 23/02/2023 23/02/2023 Libro impreso